La Vegetació del Montseny / Oriol de Bolòs i Capdevila
ISBN:
84-500-8374-5
Descripción Física:
170 p. : a dues columnes, [10] làm., 1 map. pleg. ; 24 cm
Materias:
Vegetació -- Montseny
MARC
| LEADER | 00000nam a2200000Ia 4500 | ||
|---|---|---|---|
| 001 | 1193 | ||
| 008 | 160829s1983 xx 000 0 cat d | ||
| 020 | |a 84-500-8374-5 | ||
| 080 | |a C-1-243 | ||
| 100 | 1 | |a Bolòs, Oriol de, |d 1924-2007 |9 22547 | |
| 245 | |a La Vegetació del Montseny / Oriol de Bolòs i Capdevila | ||
| 260 | |a Barcelona : |b Diputació. Servei de Parcs Naturals, |c 1983 | ||
| 300 | |a 170 p. : |b a dues columnes, [10] làm., 1 map. pleg. ; |c 24 cm | ||
| 590 | |a Bibliografia | ||
| 650 | |a Vegetació |x Montseny |9 38441 | ||
| 710 | |a Barcelona (Catalunya : Província). |b Servei de Parcs Naturals |9 53492 | ||
| 901 | |a Arxiu | ||
| 942 | |n 1 | ||
| 952 | |0 0 |1 0 |4 0 |6 C1243 |7 1 |9 48425 |a Arxiu |b Arxiu |d 2016-12-01 |l 0 |o C-1-243 |p 1193 |r 2016-12-01 00:00:00 |w 2016-12-01 |y ARXIU | ||
| 999 | |c 52253 |d 52253 | ||